00330nam a2200121Ia 4500008004100000041000800041082001200049100002300061245001900084260004400103300001800147520004300165240719s9999 xx 000 0 und d aeng a200 PAR aParamananda, Swami aThe Upanishads aNew DelhibFingerprint Publishingc2020 a111.; P 22 Cm aGifted By : IMT Faculty Dr. Pawan Jain